Imiona autorów #1 - Statystyki

Ogólne statystyki
  • Ten quiz został rozwiązany 29 razy
  • Średni wynik to 10 z 24
Statystyki odpowiedzi
Imię Nazwisko % Poprawnych
William Szekspir
100%
Adam Mickiewicz
96%
Ernest Hemingway
93%
Lew Tołstoj
85%
Aleksander Fredro
81%
Sławomir Mrożek
81%
George Orwell
70%
Joseph Conrad
63%
Jane Austen
56%
Oscar Wilde
56%
Honoré de Balzac
41%
Günter Grass
33%
Virginia Woolf
30%
Gustave Flaubert
26%
Sylvia Plath
26%
Kurt Vonnegut
22%
Simone de Beauvoir
19%
Aldous Huxley
15%
Dean Koontz
15%
Herman Melville
11%
Neil Gaiman
7%
Amy Tan
4%
Edith Wharton
0%
Willa Cather
0%
Nie znaleziono quizów pasujących do podanych kryteriów
Rozkład punktacji
Procent ludzi z każdym wynikiem
Percentyl według liczby udzielonych odpowiedzi
Twoja historia wyników
Nie rozwiązałeś tego quizu